000
00242nam a2200097Ia 4500
001
643701
005
20250826153550.0
008
250824s9999 xx 000 0 und d
245
0
_a
MEMLEKET HİKAYELERİ
_c
REFİK HALİT KARAY
260
_b
İNKILAP
999
_c
643701
_d
643701